000 00592nam a22001937a 4500
005 20251108172455.0
008 250721s1997 xx 000 0 ara d
082 1 4 _a201.6/فرح
100 1 _aفرح، سهيل
_eمؤلف
245 1 0 _aالعلمنة المعاصرة .. بين ديننا ودنيانا /
264 1 _aالدار البيضاء :
_bالمركز الثقافي العربي،
_c1997.
300 _a143ص.
650 1 7 _aالالحاد
650 1 7 _aالعلمانية
650 1 7 _aالمسيحية
650 1 7 _aالإسلام
942 _2ddc
_cBK
999 _c80278
_d80278